000 02833nam a22003735i 4500
001 eep9781784718213
003 UtOrBLW
005 20210215104124.0
006 m o d
007 cr un|||||||||
008 170726s2018 mau ob 001 0 eng
020 _a9781784718213 (e-book)
040 _aDLC
_beng
_erda
_cDLC
_dUtOrBLW
042 _apcc
050 4 _aHB73
_b.S74 2018
100 1 _aStephen, Frank H.,
_d1946-
_eauthor.
245 1 0 _aLaw and development :
_ban institutional critique /
_cFrank H. Stephen (Emeritus Professor of Regulation, School of Law, University of Manchester, UK).
264 1 _bEdward Elgar Publishing,
300 _a1 online resource (200 pages).
490 1 _aAdvances in new institutional analysis
504 _aIncludes bibliographical references and index.
505 0 _aContents: Preface -- Part I Introduction -- 1. How we got here -- 2. New institutional economics -- Part II Legal systems and development -- 3. Legal origin theory and the transplant effect -- 4. A new institutional economics approach to law and development -- Part III Finance and development -- 5. Financial markets -- 6. Estimating the determinants of growth: an empirical exploration of an NIE framework -- Part IV: Conclusion -- 7. Conclusions -- References -- Index.
520 _aAs development policy moves away from considering the state as the primary driver of economic growth it is necessary to consider the institutional foundations of the market economy. It has been argued that without legal systems that allow for innovation and enterprise, all other attempts to improve economic growth are destined to fail. Law and Development offers an unparalleled assessment of the role of legal systems in development by extending the analytical framework of New Institutional Economics (NIE). Using empirical tests to critique Legal Origin Theory, and assess the role of culture in the formation of the legal environment, this book proposes that cultural factors are much more significant than allowed for by previous frameworks. This book will be invaluable for students of law and development, as well as academics researching the role of institutions. It provides a sound framework for considering legal reform and offers nuanced insights for policymakers interested in economic development.
588 _aDescription based on print record.
650 0 _aLaw and economic development.
655 0 _aElectronic books.
710 2 _aEdward Elgar Publishing,
_epublisher.
776 1 _z9781784718206 (hardback)
830 0 _aAdvances in new institutional analysis.
856 4 0 _uhttps://www.elgaronline.com/view/9781784718206/9781784718206.xml
999 _c28629
_d28629